| 000 | 01776cam a22004934i 4500 | ||
|---|---|---|---|
| 003 | PE-LiUPU | ||
| 005 | 20250731173358.0 | ||
| 008 | 150706s1993 nyua rb 000 0 eng d | ||
| 020 | _a0826701264 | ||
| 035 | _a(Sirsi) i9780826701268 | ||
| 040 |
_aPE-LiUPU _bspa _cPE-LiUPU _erda |
||
| 049 | _aPRUA | ||
| 082 | 0 | 4 |
_a220.05 _bUBSH _221 |
| 100 | 1 |
_aPéter-Contesse, René, _eautor. |
|
| 245 | 1 | 2 |
_aA handbook on the book of Daniel / _cRené Péter-Contesse y John Ellington. |
| 264 | 1 |
_aNew York : _b United Bible Societies, _c1993. |
|
| 300 |
_a365 páginas : _bilustraciones ; _c24 centímetros. |
||
| 336 |
_atext _2rdacontent |
||
| 337 |
_aunmediated _2rdamedia |
||
| 338 |
_avolume _2rdacarrier |
||
| 490 | 0 | _aUBS handbook series | |
| 504 | _aIncluye bibliografía. | ||
| 505 | 0 | _aThe storyof Daniel and his friends -- Daniel describes his revelations from God. | |
| 526 | _aSEG42 | ||
| 526 | _aSEG41 | ||
| 526 | _aSEG40 | ||
| 526 | _aSEG39 | ||
| 526 | _aP94 | ||
| 526 | _aP87 | ||
| 526 | _aP86 | ||
| 526 | _aP85 | ||
| 526 | _aP77 | ||
| 526 | _aP76 | ||
| 526 | _aP35 | ||
| 630 | 0 | 4 |
_aBiblia. _pA.T. _pDaniel _xCritica, interpretación, etc. |
| 700 | 1 |
_aEllington, John., _eautor. |
|
| 910 |
_agl _bjck _d20101216 |
||
| 942 |
_2ddc _cBOOK |
||
| 949 |
_a220.05 UBSH 27 _wDEWEY _c1 _i62429 _d2016-11-10 _e2016-11-8 _lCCODEBUL1 _mBUL _n2 _p14.00 _r0 _sY _tBOOK _u2015-7-6 _xTEOLOGIA _PP35 _0COMPRA _o.STAFF. Colección General |
||
| 994 |
_aC0 _bPEPRU |
||
| 596 | _a1 | ||
| 999 |
_a220.05 UBSH 27 _wDEWEY _c51460 _i62429 _d51460 _e2016-11-8 _f2021-11-9 _g5 _lCCODEBUL1 _mBUL _n2 _p14.00 _q2 _r0 _sY _tBOOK _u2015-7-6 _xTEOLOGIA _PP35 _0COMPRA _o.STAFF. Colección Teología |
||
| 980 |
_81 _gALBERTO SANCHEZ Responsable de Automatización |
||